Elenca la formazione - Quiz n°193 - Statistics

Statistiche generali
  • Questo quiz è stato fatto 51 volte
  • Il punteggio medio è 8 su 11
Statistiche sulle risposte
Ruolo Nazione Calciatore % Corretto
Attaccante Italia Ciro Immobile
100%
Centrocampista Serbia Sergej Milinković-Savić
98%
Difensore Romania Ștefan Radu
93%
Portiere Albania Thomas Strakosha
91%
Centrocampista Bosnia ed Erzegovina Senad Lulić
80%
Attaccante Spagna Luis Alberto
78%
Difensore Paesi Bassi Stefan de Vrij
78%
Centrocampista Italia Marco Parolo
70%
Centrocampista Brasile Lucas Leiva
61%
Difensore Brasile Wallace
41%
Centrocampista Serbia Dušan Basta
30%
Nessun quiz corrispondente trovato
Distribuzione punteggi
Percentuale di utenti per punteggio
Percentile per numero di risposta
I tuoi punteggi nel tempo
Non hai fatto questo quiz